000 00898nam a22002897a 4500
003 URS
005 20260326151010.0
008 260317b |||||||| |||| 00| 0 eng d
020 _a9795691633
020 _a0195025547
020 _a0195025555
040 _aDLC
_beng
_cDLC
_dURS
_erda
050 1 4 _aD21
_b.M2335 1979
100 1 _aMcNeill, William H.
245 _aA World history/
_cWilliam H. McNeill.-
250 _aThird edition-
264 1 _aNew York:
_bOxford University Press,
_cc1979.
300 _axvii, 558 pages:
_billustrations (black and white);
_c22 cm
336 _2rdacontent
_atext
_btxt
337 _2rdamedia
_aunmediated
_bn
338 _2rdacarrier
_avolume
_bnc
500 _aIncludes index.
504 _aIncludes bibliographical essay.
650 0 _aWorld history
650 0 _aCivilization
942 _2lcc
_cFR
_ethird edition
_hD21
_i.M2335 1979
999 _c99204
_d99201